00761nam a22002657a 45000050016000000080041000160100015000570200026000720200023000980350013001210370013001340400013001470820011001601000003001712450052001742500011002262600038002372700042002753000025003174900024003425000021003666500047003876500045004347000016004792011112208108.0111122t xxu||||| |||| 00| 0 eng d aENG-104172 a9780071333535c325.00 a0071333533c325.00 aEN-87705 bDBAD/PUB aDPLbEng00a530.121 10aQuantum mechanics /cby Yoav Peleg ... [et al] a2nd ed aNew DelhibTata McGraw Hillc2011 a7 West Patel NagarbNew Delhie110008 aix, 361p.c28cm(pbk) aSchaum’s outlines aIncludes index. 0aQuantum theory vProblems, exercises, etc. 0aQuantum theory vOutlines, syllabi, etc.1 aPeleg, Yoav